000 00669nam a2200253Ia 4500
001 33285
005 20240114001642.0
007 ta
008 061215s360 a g b000 u 346 u
020 _cHB
040 _aCotton College,Assam
041 _a346
082 _a891.4437
_bB 223 B
100 _aBandopadhya, Kedarnath .
245 0 _aBhaduri Moshai /
_cKedarnath Bandopadhya.
_hTextual Documents
250 _a3rd ed. /
260 _aCalcutta :
_bThacker Spink & Co. ,
_c1360 Bangabda.
300 _a271p. :
_bill ;
_c22cm .
653 _aBengali Fiction
653 _aG-Bengali
942 _2ddc
_cBK
999 _c33267
_d33267